[Event "Duisburg Grossenbaum op"]
[Site "Duisburg"]
[Date "2005.05.16"]
[Round "7"]
[White "Neumueller, Daniel"]
[Black "Dicks, Friedrich"]
[Result "0-1"]
[WhiteElo "1413"]
[BlackElo "1498"]
[PlyCount "59"]
[EventDate "2005.05.13"]
[EventType "swiss"]
[EventRounds "7"]
[EventCountry "GER"]
[SourceTitle "EXT 2006"]
[Source "ChessBase"]
[SourceDate "2005.11.24"]
[SourceVersion "1"]
[SourceVersionDate "2005.11.24"]
[SourceQuality "1"]

1. e4 g6 2. d4 Bg7 3. c4 d6 4. Nc3 Nf6 5. Nf3 Nbd7 6. Be3 0-0 7. Qd2 Ng4 8. Be2 Nxe3 9. Qxe3 e5 10. d5 a5 11. h3 f5 12. exf5 Rxf5 13. Bd3 Rf8 14. Ne4 Nf6 15. a3 Bd7 16. 0-0-0 Nxe4 17. Bxe4 Qf6 18. Rd2 b5 19. g4 bxc4 20. g5 Qf4 21. h4 Bg4 22. Nh2 Bf5 23. Qxf4 exf4 24. f3 Bxe4 25. fxe4 Rab8 26. Rc2 c3 27. bxc3 Rb3 28. Nf3 Rfb8 29. Kd2 Rxa3 30. c4 0-1

[Event "Duisburg Grossenbaum op"]
[Site "Duisburg"]
[Date "2005.05.15"]
[Round "5"]
[White "Neumueller, Daniel"]
[Black "Kittel, Peter"]
[Result "0-1"]
[WhiteElo "1413"]
[BlackElo "1668"]
[PlyCount "41"]
[EventDate "2005.05.13"]
[EventType "swiss"]
[EventRounds "7"]
[EventCountry "GER"]
[SourceTitle "EXT 2006"]
[Source "ChessBase"]
[SourceDate "2005.11.24"]
[SourceVersion "1"]
[SourceVersionDate "2005.11.24"]
[SourceQuality "1"]

1. e4 c6 2. d4 d5 3. exd5 cxd5 4. Bf4 e6 5. Nf3 Qb6 6. b3 Nf6 7. Bxb8 Rxb8 8. Nbd2 Bb4 9. Qe2 Bd7 10. Qd3 Rc8 11. c4 Qa5 12. a4 Ne4 13. Ke2 f5 14. Qc2 Nxd2 15. Nxd2 Bc3 16. Rc1 Bxd4 17. Kf3 0-0 18. g3 Rc7 19. Kg2 Rfc8 20. Be2 Bf6 21. Rhd1 0-1

[Event "Duisburg Grossenbaum op"]
[Site "Duisburg"]
[Date "2005.05.13"]
[Round "1"]
[White "Neumueller, Daniel"]
[Black "Mietner, Franz"]
[Result "0-1"]
[WhiteElo "1413"]
[BlackElo "2022"]
[PlyCount "48"]
[EventDate "2005.05.13"]
[EventType "swiss"]
[EventRounds "7"]
[EventCountry "GER"]
[SourceTitle "EXT 2006"]
[Source "ChessBase"]
[SourceDate "2005.11.24"]
[SourceVersion "1"]
[SourceVersionDate "2005.11.24"]
[SourceQuality "1"]

1. e4 c6 2. d4 d5 3. exd5 cxd5 4. Nc3 Bf5 5. Bd3 Bxd3 6. Qxd3 Nf6 7. Bf4 a6 8. Nf3 Nc6 9. a3 e6 10. 0-0 Bd6 11. Bxd6 Qxd6 12. Rfe1 0-0 13. Ne5 Rac8 14. Re2 Rc7 15. b4 b5 16. Rb1 Rfc8 17. Rb3 Nd7 18. Nxc6 Qxc6 19. Nd1 Nb6 20. c3 Qc4 21. Qxc4 Rxc4 22. Rc2 Rxd4 23. cxd4 Rxc2 24. Rc3 Rd2 0-1